Систематический курс геометрии. Ч. 1: Планиметрия (Запись № 13592802)

Подробности
000 -МАРКЕР
контрольное поле 01212nam2a2200229 4500
001 - ИДЕНТИФИКАТОР ЗАПИСИ
контрольное поле rc\2908721
005 - ИДЕНТИФИКАТОР ВЕРСИИ
контрольное поле 20260315054120.0
035 ## - ДРУГИЕ СИСТЕМНЫЕ НОМЕРА
Идентификатор записи (NLR Aleph) 007059576
100 ## - ДАННЫЕ ОБЩЕЙ ОБРАБОТКИ
Данные общей обработки 20110805d1933 u y0rusy50 ca
101 0# - ЯЗЫК РЕСУРСА
Язык текста, звукозаписи и т.д. русский
102 ## - СТРАНА ПУБЛИКАЦИИ ИЛИ ПРОИЗВОДСТВА
Страна публикации Российская Федерация
105 ## - ПОЛЕ КОДИРОВАННЫХ ДАННЫХ: ТЕКСТОВЫЕ МАТЕРИАЛЫ, МОНОГРАФИЧЕСКИЕ
Кодированные данные о монографическом текстовом документе a z |||||
200 1# - ЗАГЛАВИЕ И СВЕДЕНИЯ ОБ ОТВЕТСТВЕННОСТИ
Основное заглавие Планиметрия
Сведения, относящиеся к заглавию 6-8 годы обуч.
210 ## - ПУБЛИКАЦИЯ, РАСПРОСТРАНЕНИЕ И ДР.
Дата издания, распространения и т.д. 1933
215 ## - ФИЗИЧЕСКАЯ ХАРАКТЕРИСТИКА
Специфическое обозначение материала и объем Пер., 160 с.
Другие сведения о физической характеристике черт.
461 #0 - УРОВЕНЬ НАБОРА
Встроенное поле 001rc\2908720
-- 2001#$aСистематический курс геометрии$eУчебник для средн. школы ... Утв. Коллегией Наркомпроса РСФСР.Ч. 1-$fЮ.О. Гурвиц и Р.В. Гангнус$vЧ. 1
-- 700#1$aГурвиц$bЮ.О.$gЮлий Осипович$f1882-1953
Системный номер (АБИС) связанной записи 6271548
Автор Гурвиц, Ю.О. (1882-1953)
Место публикации Москва
Дата публикации 1933
Первые сведения об ответственности Ю.О. Гурвиц и Р.В. Гангнус
Имя издателя, распространителя и т.д. Гос. учеб. пед. изд-во
Сведения, относящиеся к заглавию Учебник для средн. школы ... Утв. Коллегией Наркомпроса РСФСР.Ч. 1-
Заглавие Систематический курс геометрии
Номер тома Ч. 1
801 #0 - ИСТОЧНИК ЗАПИСИ
Страна Российская Федерация
Организация NLR
Правила каталогизации psbo
801 #1 - ИСТОЧНИК ЗАПИСИ
Страна Российская Федерация
Организация ELAR
Источник данных rusmarc
852 ## - МЕСТОНАХОЖДЕНИЕ И ШИФР ХРАНЕНИЯ
Идентификатор организации NLR
Шифр хранения (Call Number) 33-18/591(1)
942 ## - ДОПОЛНИТЕЛЬНЫЕ ЭЛЕМЕНТЫ ЗАПИСИ (АБИС)
Тип экземпляра АБИС Неопределено
980 ## - КОЛЛЕКЦИЯ
Название коллекции Национальная библиография

Нет доступных экземпляров.